MARC

LEADER 00000nam0a2200000 4500
001 365023
005 20231102011738.0
035 |a (RuTPU)RU\TPU\retro\22386 
090 |a 365023 
100 |a 20211208d1980 km y0rusy50 ca 
101 0 |a rus 
102 |a RU 
105 |a a z 001zy 
200 1 |a Биостратиграфия Артинского и Кунгурского ярусов Урала  |f Академия наук СССР, Уральский научный центр ; под ред. Д. М. Раузер-Черноусовой Б. И. Чувашова 
210 |a Свердловск  |c Изд-во УрО Ан СССР  |d 1980 
215 |a 150 с.  |c ил. 
320 |a Библиогр. в конце ст. 
606 1 |a Биостратиграфия  |x (палеонтология)  |2 stltpush  |3 (RuTPU)RU\TPU\subj\28746  |9 52245 
610 1 |a Урал 
610 1 |a Кунгурский ярус 
610 1 |a фузулиниды 
610 1 |a фораминиферы 
610 1 |a виды 
610 1 |a описание 
610 1 |a миоспоры 
610 1 |a остракоды 
610 1 |a артинский ярус 
675 |a 56  |v 4 
702 1 |a Раузер-Черноусова  |b Д. М.  |4 340 
702 1 |a Чувашов  |b Б. И.  |4 340 
712 0 2 |a Академия наук СССР  |b Уральский научный центр  |2 stltpush  |3 (RuTPU)RU\TPU\col\3284  |9 23807 
801 1 |a RU  |b 63413507  |c 20211208 
942 |c BK